Statistics for Highest Grossing Film Series

Click here to take the quiz!

General Stats

  • This quiz has been taken 516 times
  • The average score is 9 of 20

Answer Stats

Total Box OfficeSeries% Correct
$7,706,147,978Harry Potter
88%
$4,382,359,868Star Wars
85%
$3,634,681,376J. R. R. Tolkien's Middle-Earth
76%
$3,802,227,995Marvel Cinematic Universe
76%
$3,718,343,339Batman
70%
$6,051,240,023James Bond
61%
$1,948,143,626Toy Story
59%
$3,248,563,075Spider-man
58%
$1,983,841,081Indiana Jones
47%
$3,510,516,231Shrek
45%
$3,314,822,527The Twilight Saga
45%
$1,902,110,926Jurassic Park
37%
$3,727,735,967Pirates of the Caribbean
36%
$1,890,097,619X-Men
36%
$2,675,610,116Transformers
34%
$2,800,447,450Ice Age
28%
$2,096,647,856Mission: Impossible
28%
$1,878,691,276Madagascar
20%
$1,655,236,118Men in Black
11%
$1,632,989,142The Matrix
8%

Score Distribution

Percentile by Number Answered

Percent of People with Each Score

Your Score History

You have not taken this quiz